[Event "Int SVK-ch Open 2020"]
[Site "Drienica"]
[Date "2020.08.11"]
[Round "5.17"]
[White "Nandrazi, Dominik"]
[Black "Sosovickova, Martina"]
[Result "1-0"]
[WhiteElo "1883"]
[BlackElo "1362"]
[Annotator "NA"]
[PlyCount "77"]
[EventDate "2020.08.07"]
[EventType "swiss"]
[EventCountry "SVK"]
[SourceTitle "playchess.com"]
[Source "ChessBase"]
[SourceQuality "1"]
[TimeControl "40/5400+30:1800+30"]

1. Nf3 {[%emt 0:00:05]} d5 {[%emt 0:00:00]} 2. Rg1 {[%emt 0:00:28]} Nf6 {[%emt 0:00:49]} 3. d4 {[%emt 0:02:34]} c5 {[%emt 0:00:53]} 4. e3 {[%emt 0:01:06]} Nc6 {[%emt 0:01:09] [#]} 5. c3 $146 {[%emt 0:00:30]} ({Predecessor:} 5. Bb5 a6 6. Bxc6+ bxc6 7. Ne5 Qc7 8. c4 Nd7 9. f4 Nxe5 10. dxe5 e6 11. Nd2 {0-1 (51) Mistry,P (1961)-Fulo,N (2032) Hamilton 2018}) 5... Bf5 {[%emt 0:00:50]} 6. Bb5 {[%emt 0:01:35] A06: Réti Opening: 1 Nf3 d5.} Qb6 {[%emt 0:03:41]} 7. Qa4 {[%emt 0:01:43]} a6 {[%emt 0:02:22]} 8. Bxc6+ {[%emt 0:01:45]} Qxc6 {[%emt 0:01:15]} 9. Qxc6+ {[%emt 0:00:19]} bxc6 {[%emt 0:00:07]} 10. dxc5 {[%emt 0:00:04]} Bd7 {[%emt 0:07:18]} 11. Nbd2 {[%emt 0:02:47]} e6 {[%emt 0:04:19]} 12. b4 {[%emt 0:00:18]} Be7 {[%emt 0:01:22]} 13. g4 {[%emt 0:00:20]} h6 {[%emt 0:01:00]} 14. Bb2 {[%emt 0:02:35]} Bd8 {[%emt 0:05:03]} 15. h4 {[%emt 0:04:03]} g6 {[%emt 0:08:39]} 16. c4 {[%emt 0:00:17]} Rg8 {[%emt 0:01:48]} 17. a4 {[%emt 0:01:16]} Ke7 {[%emt 0:06:04]} 18. g5 {[%emt 0:02:32]} hxg5 {[%emt 0:00:37]} 19. hxg5 {[%emt 0:00:07]} Ne8 {[%emt 0:01:57]} 20. Ne5 {[%emt 0:01:12]} Bc7 {[%emt 0:03:54]} 21. e4 {[%emt 0:02:00]} Rb8 {[%emt 0:10:04]} 22. b5 {[%emt 0:16:10]} axb5 {[%emt 0:04:00]} 23. cxb5 {[%emt 0:00:24]} cxb5 {[%emt 0:03:26]} 24. exd5 {[%emt 0:03:53]} exd5 {[%emt 0:02:13] [#]} 25. a5 $1 {[%emt 0:01:24]} Ra8 {[%emt 0:03:44]} 26. a6 {[%emt 0:00:42]} Ra7 {[%emt 0:02:34]} 27. Rg3 {[%emt 0:02:59]} Bxe5 {[%emt 0:06:33]} 28. Bxe5 {[%emt 0:00:03]} Nc7 {[%emt 0:01:22] [#]} (28... Ng7 $16) 29. Bd6+ {[%emt 0:01:43]} (29. Bf6+ $1 $18 {and the rest is easy.} Kf8 {[#]} 30. c6 $1 {[%mdl 512]}) 29... Kd8 {[%emt 0:01:24]} 30. Rga3 {[%emt 0:04:07]} Bc8 {[%emt 0:03:27]} 31. Nf3 {[%emt 0:00:24]} Ne8 $18 {[%emt 0:01:50]} (31... Rh8 32. Ne5 Rh1+ 33. Kd2 Rxa1 34. Rxa1 Rxa6) 32. Bb8 {[%emt 0:00:21]} Ra8 {[%emt 0:02:00]} 33. a7 {[%emt 0:00:07]} Nc7 {[%emt 0:00:45]} 34. Ne5 {[%emt 0:00:42]} Rf8 {[%emt 0:01:54]} 35. Kd2 {[%emt 0:02:24]} Bf5 {[%emt 0:01:50]} 36. Rh1 {[%emt 0:00:54]} Bc8 {[%emt 0:01:32]} 37. Rh8 {[%emt 0:00:29]} Ke7 {[%emt 0:00:46]} 38. Rxf8 {[%emt 0:00:04]} Kxf8 {[%emt 0:00:15]} 39. Bxc7 {[%emt 0:00:03]} 1-0

[Event "Int SVK-ch Open 2020"]
[Site "Drienica"]
[Date "2020.08.11"]
[Round "5.18"]
[White "Soldan, Jan"]
[Black "Kulich, Filip"]
[Result "1/2-1/2"]
[WhiteElo "1782"]
[BlackElo "1397"]
[Annotator "NA"]
[PlyCount "84"]
[EventDate "2020.08.07"]
[EventType "swiss"]
[EventCountry "SVK"]
[SourceTitle "playchess.com"]
[Source "ChessBase"]
[SourceQuality "1"]
[TimeControl "40/5400+30:1800+30"]

1. e4 {[%emt 0:00:00]} e5 {[%emt 0:14:36]} 2. Nf3 {[%emt 0:00:00]} Nf6 {[%emt 0:01:04]} 3. Nxe5 {[%emt 0:00:03]} d6 {[%emt 0:00:53]} 4. Nf3 {[%emt 0:00:12]} Nxe4 {[%emt 0:02:35]} 5. Nc3 {[%emt 0:03:58]} Nxc3 {[%emt 0:00:21]} 6. bxc3 {[%emt 0:00:08]} Be7 {[%emt 0:01:56]} 7. d4 {[%emt 0:00:19]} O-O {[%emt 0:00:56]} 8. Be3 {[%emt 0:00:11]} Bf5 {[%emt 0:03:48]} 9. Bd3 {[%emt 0:00:18]} Qd7 {[%emt 0:03:34]} 10. O-O {[%emt 0:06:19]} Nc6 {[%emt 0:03:56]} 11. Rb1 {[%emt 0:02:55]} Bxd3 {[%emt 0:04:30]} 12. Qxd3 {[%emt 0:00:35]} b6 {[%emt 0:00:28]} 13. Ng5 {[%emt 0:04:47]} Bxg5 {[%emt 0:01:26]} 14. Bxg5 {[%emt 0:00:15]} d5 {[%emt 0:01:34]} 15. Qg3 {[%emt 0:00:19]} f6 {[%emt 0:02:08]} 16. Be3 {[%emt 0:04:30]} Na5 {[%emt 0:01:37]} 17. f4 {[%emt 0:01:09]} Nc4 {[%emt 0:00:42]} 18. Rbe1 {[%emt 0:01:10]} Nxe3 {[%emt 0:04:14]} 19. Rxe3 {[%emt 0:00:21]} Rae8 {[%emt 0:01:07]} 20. Rfe1 {[%emt 0:02:10]} Rxe3 {[%emt 0:01:15]} 21. Qxe3 {[%emt 0:00:07]} Kf7 {[%emt 0:01:13]} 22. Kf2 {[%emt 0:00:37]} Re8 {[%emt 0:01:23]} 23. Qxe8+ {[%emt 0:00:41]} Qxe8 {[%emt 0:00:11]} 24. Rxe8 {[%emt 0:00:02]} Kxe8 {[%emt 0:00:12]} 25. a4 {[%emt 0:01:30]} Kd7 {[%emt 0:03:49]} 26. Ke3 {[%emt 0:00:38]} a6 {[%emt 0:02:03]} 27. g4 {[%emt 0:00:23]} g5 {[%emt 0:05:00]} 28. fxg5 {[%emt 0:03:54]} fxg5 {[%emt 0:00:14]} 29. Kd2 {[%emt 0:00:17]} Kc6 {[%emt 0:02:05]} 30. Kc1 {[%emt 0:00:10]} a5 {[%emt 0:01:30]} 31. Kb2 {[%emt 0:00:15]} b5 {[%emt 0:00:25]} 32. Kb3 {[%emt 0:00:18]} bxa4+ {[%emt 0:00:12]} 33. Kxa4 {[%emt 0:00:13]} Kb6 {[%emt 0:00:17]} 34. c4 {[%emt 0:02:50]} dxc4 {[%emt 0:01:32]} 35. c3 {[%emt 0:00:16]} c6 {[%emt 0:00:11]} 36. Ka3 {[%emt 0:00:41]} Kb5 {[%emt 0:00:05]} 37. Kb2 {[%emt 0:00:40]} h6 {[%emt 0:09:36]} 38. Ka3 {[%emt 0:00:41]} Ka6 {[%emt 0:01:55]} 39. Ka4 {[%emt 0:00:06]} Kb6 {[%emt 0:00:06]} 40. h3 {[%emt 0:01:04]} Ka6 {[%emt 0:00:31]} 41. Ka3 {[%emt 0:30:07]} Kb5 {[%emt 0:30:47]} 42. Kb2 {[%emt 0:00:21]} Kb6 {[%emt 0:02:13]} 1/2-1/2

[Event "Int SVK-ch Open 2020"]
[Site "Drienica"]
[Date "2020.08.13"]
[Round "5.18"]
[White "Paluska Karol"]
[Black "Bednar, Jan"]
[Result "0-1"]
[WhiteElo "1723"]
[BlackElo "2018"]
[Annotator "ChessBase"]
[PlyCount "96"]
[EventDate "2020.08.07"]
[EventType "swiss"]
[EventCountry "SVK"]
[TimeControl "40/5400+30:1800+30"]

1. Nf3 {[%emt 0:00:11]} Nf6 {[%emt 0:00:00]} 2. d4 {[%emt 0:00:22]} d5 {[%emt 0:00:37]} 3. c4 {[%emt 0:00:06]} c6 {[%emt 0:00:06]} 4. Nc3 {[%emt 0:00:04]} a6 {[%emt 0:00:14]} 5. cxd5 {[%emt 0:01:34]} cxd5 {[%emt 0:00:06]} 6. Bf4 {[%emt 0:00:54]} Nc6 {[%emt 0:00:30]} 7. e3 {[%emt 0:00:56]} g6 {[%emt 0:05:16]} 8. Be2 {[%emt 0:02:52]} Bg7 {[%emt 0:00:07]} 9. Rc1 {[%emt 0:09:45]} O-O {[%emt 0:00:39]} 10. Ne5 {[%emt 0:00:31]} e6 {[%emt 0:10:29]} 11. g4 {[%emt 0:04:09]} Nxe5 {[%emt 0:05:56]} 12. Bxe5 {[%emt 0:03:02]} Bd7 {[%emt 0:02:36]} 13. h4 {[%emt 0:13:55]} Rc8 {[%emt 0:08:58]} 14. h5 {[%emt 0:01:25]} b5 {[%emt 0:00:59]} 15. Bd6 {[%emt 0:11:20]} Re8 {[%emt 0:06:35]} 16. f4 {[%emt 0:01:52]} Bc6 {[%emt 0:03:00]} 17. Bc5 {[%emt 0:00:28]} Ne4 {[%emt 0:01:30]} 18. Nxe4 {[%emt 0:01:10]} dxe4 {[%emt 0:00:05]} 19. b4 {[%emt 0:02:11]} Qd5 {[%emt 0:03:49]} 20. a3 {[%emt 0:02:18]} f6 {[%emt 0:04:05]} 21. hxg6 {[%emt 0:01:27]} hxg6 {[%emt 0:00:07]} 22. Kf2 {[%emt 0:00:14]} Kf7 {[%emt 0:07:37]} 23. Bf1 {[%emt 0:05:57]} g5 {[%emt 0:04:36]} 24. fxg5 {[%emt 0:01:22]} Rh8 {[%emt 0:05:37]} 25. Bg2 {[%emt 0:03:47]} Rxh1 {[%emt 0:01:06]} 26. Bxh1 {[%emt 0:02:18]} Qxg5 {[%emt 0:00:39]} 27. Qg1 {[%emt 0:00:51]} Bd5 {[%emt 0:02:46]} 28. Qg3 {[%emt 0:01:34]} Rh8 {[%emt 0:06:49]} 29. Bd6 {[%emt 0:02:02]} Rh4 {[%emt 0:04:52]} 30. Bf4 {[%emt 0:06:33]} Qxg4 {[%emt 0:00:43]} 31. Qxg4 {[%emt 0:00:04]} Rxg4 {[%emt 0:00:05]} 32. Rc7+ {[%emt 0:00:03]} Kg6 {[%emt 0:00:35]} 33. Ra7 {[%emt 0:08:14]} Rxf4+ {[%emt 0:02:30]} 34. exf4 {[%emt 0:00:06]} e3+ {[%emt 0:00:03]} 35. Kxe3 {[%emt 0:00:05]} Bxh1 {[%emt 0:00:05]} 36. Rxa6 {[%emt 0:00:06]} Kf5 {[%emt 0:00:19]} 37. Rb6 {[%emt 0:00:41]} Bh6 {[%emt 0:00:11]} 38. Rxb5+ {[%emt 0:00:21]} Bd5 {[%emt 0:00:07]} 39. a4 {[%emt 0:01:45]} Bxf4+ {[%emt 0:00:05]} 40. Kf2 {[%emt 0:00:14]} Ke4 {[%emt 0:00:36]} 41. a5 {[%emt 0:30:53]} Be3+ {[%emt 0:33:50]} 42. Ke1 {[%emt 0:00:13]} Bxd4 {[%emt 0:00:40]} 43. Rb8 {[%emt 0:00:26]} f5 {[%emt 0:00:27]} 44. b5 {[%emt 0:01:43]} Bc3+ {[%emt 0:00:25]} 45. Kf2 {[%emt 0:00:25]} Bxa5 {[%emt 0:00:06]} 46. b6 {[%emt 0:00:04]} e5 {[%emt 0:01:17]} 47. b7 {[%emt 0:00:36]} Bb6+ {[%emt 0:00:25]} 48. Kf1 {[%emt 0:01:16]} f4 {[%emt 0:00:24]} 0-1

[Event "Int SVK-ch Open 2020"]
[Site "Drienica"]
[Date "2020.08.13"]
[Round "5.19"]
[White "Panko, Eduard"]
[Black "Mandak, Miroslav"]
[Result "1/2-1/2"]
[WhiteElo "1997"]
[BlackElo "1933"]
[Annotator "ChessBase"]
[PlyCount "83"]
[EventDate "2020.08.07"]
[EventType "swiss"]
[EventCountry "SVK"]
[TimeControl "40/5400+30:1800+30"]

1. c3 {[%emt 0:00:00]} d5 {[%emt 0:00:42]} 2. d3 {[%emt 0:00:00]} Nf6 {[%emt 0:00:41]} 3. Bg5 {[%emt 0:00:06]} Nbd7 {[%emt 0:04:18]} 4. Nd2 {[%emt 0:00:18]} h6 {[%emt 0:03:05]} 5. Bxf6 {[%emt 0:00:11]} Nxf6 {[%emt 0:00:21]} 6. Qc2 {[%emt 0:00:09]} e6 {[%emt 0:05:41]} 7. d4 {[%emt 0:04:35]} Bd6 {[%emt 0:04:52]} 8. e3 {[%emt 0:00:08]} Bd7 {[%emt 0:03:28]} 9. h3 {[%emt 0:00:58]} c5 {[%emt 0:04:20]} 10. Bd3 {[%emt 0:05:58]} Bc6 {[%emt 0:04:24]} 11. Ngf3 {[%emt 0:07:19]} cxd4 {[%emt 0:10:24]} 12. exd4 {[%emt 0:01:41]} Qb6 {[%emt 0:05:27]} 13. Qb3 {[%emt 0:05:58]} Qc7 {[%emt 0:03:17]} 14. Rc1 {[%emt 0:07:04]} O-O {[%emt 0:05:08]} 15. O-O {[%emt 0:01:22]} a5 {[%emt 0:03:38]} 16. Rfe1 {[%emt 0:02:08]} a4 {[%emt 0:02:17]} 17. Qd1 {[%emt 0:02:23]} Qb6 {[%emt 0:02:15]} 18. Rc2 {[%emt 0:09:47]} Bb5 {[%emt 0:05:20]} 19. Qe2 {[%emt 0:00:46]} Bxd3 {[%emt 0:02:23]} 20. Qxd3 {[%emt 0:00:02]} Rfc8 {[%emt 0:01:36]} 21. Ne5 {[%emt 0:02:03]} Bxe5 {[%emt 0:03:30]} 22. dxe5 {[%emt 0:02:35]} Ne8 {[%emt 0:02:05]} 23. Nf3 {[%emt 0:02:14]} Nc7 {[%emt 0:01:39]} 24. a3 {[%emt 0:03:07]} Qb5 {[%emt 0:05:22]} 25. Qe3 {[%emt 0:02:21]} Ne8 {[%emt 0:01:55]} 26. g4 {[%emt 0:02:05]} Qc5 {[%emt 0:00:39]} 27. Nd4 {[%emt 0:01:11]} Qe7 {[%emt 0:01:19]} 28. Qg3 {[%emt 0:01:40]} g6 {[%emt 0:06:17]} 29. f4 {[%emt 0:00:54]} Kh8 {[%emt 0:03:46]} 30. Kh2 {[%emt 0:03:30]} Ng7 {[%emt 0:00:34]} 31. Rf2 {[%emt 0:01:25]} Rg8 {[%emt 0:01:01]} 32. Rf3 {[%emt 0:02:32]} Rae8 {[%emt 0:00:37]} 33. Qf2 {[%emt 0:01:00]} f5 {[%emt 0:01:08]} 34. exf6 {[%emt 0:11:48]} Qxf6 {[%emt 0:02:21]} 35. Qc2 {[%emt 0:00:02]} g5 {[%emt 0:00:30]} 36. Qd2 {[%emt 0:15:51]} gxf4 {[%emt 0:00:26]} 37. Qxf4 {[%emt 0:00:18]} Qxf4+ {[%emt 0:00:15]} 38. Rxf4 {[%emt 0:00:30]} e5 {[%emt 0:00:11]} 39. Rf6 {[%emt 0:00:01]} Kh7 {[%emt 0:01:06]} 40. Nf5 {[%emt 0:02:59]} Nxf5 {[%emt 0:00:24]} 41. Rxf5 {[%emt 0:30:51]} Rg5 {[%emt 0:01:29]} 42. Rf7+ {[%emt 0:00:00]} 1/2-1/2

[Event "Int SVK-ch Open 2020"]
[Site "Drienica"]
[Date "2020.08.11"]
[Round "5.19"]
[White "Dragula, Miroslav"]
[Black "Kukan, Michal"]
[Result "0-1"]
[WhiteElo "1571"]
[BlackElo "1760"]
[Annotator "NA"]
[PlyCount "50"]
[EventDate "2020.08.07"]
[EventType "swiss"]
[EventCountry "SVK"]
[SourceTitle "playchess.com"]
[Source "ChessBase"]
[SourceQuality "1"]
[TimeControl "40/5400+30:1800+30"]

1. d4 {[%emt 0:00:00]} Nf6 {[%emt 0:00:00]} 2. c4 {[%emt 0:00:00]} g6 {[%emt 0:00:06]} 3. Nc3 {[%emt 0:00:08]} d5 {[%emt 0:00:26]} 4. e3 {[%emt 0:00:51]} Bg7 {[%emt 0:00:23]} 5. Nf3 {[%emt 0:00:26]} O-O {[%emt 0:00:33]} 6. h3 {[%emt 0:00:20]} c6 {[%emt 0:01:44]} 7. Be2 {[%emt 0:00:13]} Ne4 {[%emt 0:03:41]} 8. Nxe4 {[%emt 0:01:56]} dxe4 {[%emt 0:00:20]} 9. Nd2 f5 {[%emt 0:01:26]} 10. Nb3 {[%emt 0:03:13]} a5 {[%emt 0:01:21]} 11. Nc5 {[%emt 0:05:24]} e5 {[%emt 0:05:23]} 12. d5 {[%emt 0:00:51]} Qd6 {[%emt 0:05:33]} 13. Na4 {[%emt 0:01:48]} Bd7 {[%emt 0:07:24]} 14. Nc3 {[%emt 0:00:20]} Kh8 {[%emt 0:08:28]} 15. O-O {[%emt 0:00:30]} Na6 {[%emt 0:02:12]} 16. dxc6 {[%emt 0:05:11]} Qxc6 {[%emt 0:01:38]} 17. Qd5 {[%emt 0:00:25]} Nb4 {[%emt 0:04:38]} 18. Qxc6 {[%emt 0:00:38]} Bxc6 {[%emt 0:00:53]} 19. Rb1 {[%emt 0:01:11]} Rfd8 {[%emt 0:02:16]} 20. b3 {[%emt 0:00:36]} Nd3 {[%emt 0:01:50]} 21. Ba3 {[%emt 0:01:30]} f4 {[%emt 0:01:59]} 22. Rfd1 {[%emt 0:03:22]} fxe3 {[%emt 0:06:19]} 23. f3 {[%emt 0:02:45]} Nf2 {[%emt 0:09:54]} 24. Be7 {[%emt 0:05:13]} Nxd1 {[%emt 0:03:03]} 25. Bxd8 {[%emt 0:03:05]} Nxc3 {[%emt 0:00:45]} 0-1

[Event "Int SVK-ch Open 2020"]
[Site "Drienica"]
[Date "2020.08.13"]
[Round "5.20"]
[White "Verbovsky Michal"]
[Black "Dujava, Daniel"]
[Result "1/2-1/2"]
[WhiteElo "2113"]
[BlackElo "2111"]
[Annotator "ChessBase"]
[PlyCount "51"]
[EventDate "2020.08.07"]
[EventType "swiss"]
[EventCountry "SVK"]
[TimeControl "40/5400+30:1800+30"]

1. d4 {[%emt 0:00:00]} Nf6 {[%emt 0:00:00]} 2. Nf3 {[%emt 0:00:00]} d5 {[%emt 0:00:00]} 3. g3 {[%emt 0:00:37]} Bf5 {[%emt 0:00:00]} 4. Bg2 {[%emt 0:02:07]} e6 {[%emt 0:00:00]} 5. O-O {[%emt 0:00:52]} Bd6 {[%emt 0:00:00]} 6. c4 {[%emt 0:01:00]} c6 {[%emt 0:01:22]} 7. Qb3 {[%emt 0:01:04]} b6 {[%emt 0:04:03]} 8. Nbd2 {[%emt 0:02:53]} h6 {[%emt 0:03:23]} 9. Ne5 {[%emt 0:00:53]} Qc7 {[%emt 0:02:29]} 10. Ndf3 {[%emt 0:08:11]} Be4 {[%emt 0:01:13]} 11. Bd2 {[%emt 0:03:30]} Nbd7 {[%emt 0:06:10]} 12. Qa4 {[%emt 0:07:13]} Bxe5 {[%emt 0:06:20]} 13. Nxe5 {[%emt 0:22:50]} Bxg2 {[%emt 0:17:12]} 14. Kxg2 {[%emt 0:01:06]} Nxe5 {[%emt 0:00:16]} 15. dxe5 {[%emt 0:01:06]} Nd7 {[%emt 0:00:07]} 16. cxd5 {[%emt 0:00:43]} exd5 {[%emt 0:03:39]} 17. Rac1 {[%emt 0:09:13]} Nc5 {[%emt 0:16:51]} 18. Qg4 {[%emt 0:05:30]} Qxe5 {[%emt 0:03:10]} 19. Bc3 {[%emt 0:05:24]} Qg5 {[%emt 0:01:24]} 20. Qxg5 {[%emt 0:02:03]} hxg5 {[%emt 0:02:18]} 21. Bxg7 {[%emt 0:00:09]} Rg8 {[%emt 0:00:35]} 22. Be5 {[%emt 0:00:38]} Kd7 {[%emt 0:01:32]} 23. b4 {[%emt 0:01:10]} Rae8 {[%emt 0:08:50]} 24. Bc3 {[%emt 0:04:38]} Ne4 {[%emt 0:03:01]} 25. e3 {[%emt 0:04:50]} Nd6 {[%emt 0:00:47]} 26. Rfd1 {[%emt 0:03:02]} 1/2-1/2

[Event "Int SVK-ch Open 2020"]
[Site "Drienica"]
[Date "2020.08.11"]
[Round "5.20"]
[White "Ihnat, Marek"]
[Black "Malinovsky, Jozef"]
[Result "0-1"]
[WhiteElo "1490"]
[BlackElo "1698"]
[Annotator "NA"]
[PlyCount "88"]
[EventDate "2020.08.07"]
[EventType "swiss"]
[EventCountry "SVK"]
[SourceTitle "playchess.com"]
[Source "ChessBase"]
[SourceQuality "1"]
[TimeControl "40/5400+30:1800+30"]

1. e4 {[%emt 0:00:00]} c5 {[%emt 0:00:15]} 2. Nf3 {[%emt 0:00:00]} d6 {[%emt 0:00:20]} 3. d4 {[%emt 0:00:00]} cxd4 {[%emt 0:00:13]} 4. Nxd4 {[%emt 0:00:08]} Nf6 {[%emt 0:00:02]} 5. Nc3 a6 6. Be3 {[%emt 0:01:05]} Nc6 {[%emt 0:01:21]} 7. f3 {[%emt 0:00:40]} e5 {[%emt 0:00:47]} 8. Nb3 {[%emt 0:00:07]} Qc7 {[%emt 0:00:24]} 9. g4 {[%emt 0:02:32]} b5 {[%emt 0:02:13]} 10. g5 {[%emt 0:00:23]} Nh5 {[%emt 0:03:44]} 11. Qd2 {[%emt 0:00:10]} Bb7 {[%emt 0:00:12]} 12. O-O-O {[%emt 0:02:16]} Na5 {[%emt 0:00:38]} 13. Kb1 {[%emt 0:08:27]} Nxb3 {[%emt 0:00:10]} 14. cxb3 {[%emt 0:00:26]} Bc6 {[%emt 0:05:29]} 15. Rc1 {[%emt 0:01:04]} Qb7 {[%emt 0:00:02]} 16. Rd1 {[%emt 0:02:21]} Be7 {[%emt 0:00:38]} 17. Rg1 {[%emt 0:08:50]} O-O {[%emt 0:03:02]} 18. Bh3 {[%emt 0:04:55]} g6 {[%emt 0:01:36]} 19. Bg4 {[%emt 0:01:41]} Ng7 {[%emt 0:00:13]} 20. Nd5 {[%emt 0:09:01]} Bxd5 {[%emt 0:06:22]} 21. Qxd5 {[%emt 0:00:23]} Qxd5 {[%emt 0:00:34]} 22. Rxd5 {[%emt 0:00:06]} Ne6 {[%emt 0:01:06]} 23. h4 {[%emt 0:03:06]} Rfb8 {[%emt 0:07:59]} 24. h5 {[%emt 0:10:33]} Rb7 {[%emt 0:05:54]} 25. hxg6 {[%emt 0:01:03]} hxg6 {[%emt 0:00:47]} 26. Rh1 {[%emt 0:05:14]} Kg7 {[%emt 0:12:52]} 27. Rd2 {[%emt 0:01:42]} Rbb8 {[%emt 0:03:08]} 28. Rdh2 {[%emt 0:04:33]} Rh8 {[%emt 0:02:05]} 29. Rxh8 {[%emt 0:01:21]} Rxh8 {[%emt 0:00:01]} 30. Rxh8 {[%emt 0:00:07]} Kxh8 {[%emt 0:00:08]} 31. Bxe6 {[%emt 0:00:05]} fxe6 32. Kc2 d5 {[%emt 0:01:48]} 33. exd5 {[%emt 0:02:49]} exd5 {[%emt 0:00:08]} 34. Kd3 {[%emt 0:05:27]} Bd6 {[%emt 0:00:40]} 35. Bd2 {[%emt 0:02:19]} Kg8 {[%emt 0:00:09]} 36. Ke3 {[%emt 0:08:28]} Kf7 {[%emt 0:00:21]} 37. b4 {[%emt 0:06:30]} Ke6 {[%emt 0:00:22]} 38. a3 {[%emt 0:04:05]} Bc7 {[%emt 0:01:35]} 39. Kf2 {[%emt 0:01:24]} Bb6+ {[%emt 0:01:19]} 40. Kg3 {[%emt 0:01:11]} Kf5 {[%emt 0:00:11]} 41. Kh4 {[%emt 0:01:51]} Bf2+ {[%emt 0:00:31]} 42. Kh3 {[%emt 0:00:13]} d4 {[%emt 0:00:57]} 43. b3 {[%emt 0:05:22]} Be3 {[%emt 0:00:13]} 44. Be1 {[%emt 0:01:47]} d3 {[%emt 0:00:22]} 0-1

[Event "Int SVK-ch Open 2020"]
[Site "Drienica"]
[Date "2020.08.13"]
[Round "5.21"]
[White "Demeter Peter"]
[Black "Zahradnik Vladimir"]
[Result "1-0"]
[WhiteElo "2139"]
[BlackElo "1874"]
[Annotator "ChessBase"]
[PlyCount "113"]
[EventDate "2020.08.07"]
[EventType "swiss"]
[EventCountry "SVK"]
[TimeControl "40/5400+30:1800+30"]

1. c4 {[%emt 0:00:00]} e5 {[%emt 0:00:00]} 2. d3 {[%emt 0:00:07]} h6 {[%emt 0:00:16]} 3. Nf3 {[%emt 0:00:10]} Nc6 {[%emt 0:00:13]} 4. g3 {[%emt 0:00:05]} Nf6 {[%emt 0:00:10]} 5. Bg2 {[%emt 0:00:05]} Bb4+ {[%emt 0:01:13]} 6. Nfd2 {[%emt 0:00:26]} d6 {[%emt 0:00:37]} 7. O-O {[%emt 0:00:10]} O-O {[%emt 0:00:13]} 8. a3 {[%emt 0:00:19]} Bc5 {[%emt 0:04:17]} 9. b4 {[%emt 0:06:18]} Bd4 {[%emt 0:00:25]} 10. Ra2 {[%emt 0:00:06]} a5 {[%emt 0:00:36]} 11. e3 {[%emt 0:04:32]} Bb6 {[%emt 0:00:15]} 12. b5 {[%emt 0:01:02]} Ne7 {[%emt 0:02:00]} 13. Nc3 {[%emt 0:01:29]} c6 {[%emt 0:00:58]} 14. Na4 {[%emt 0:04:52]} Bc7 {[%emt 0:04:59]} 15. Rb2 {[%emt 0:03:27]} cxb5 {[%emt 0:04:22]} 16. Rxb5 {[%emt 0:02:51]} Bd7 {[%emt 0:10:38]} 17. Rxb7 {[%emt 0:02:02]} Bc6 {[%emt 0:00:13]} 18. Bxc6 {[%emt 0:04:21]} Nxc6 {[%emt 0:00:06]} 19. Nc3 {[%emt 0:01:50]} Qc8 {[%emt 0:04:17]} 20. Rb5 {[%emt 0:03:27]} Qh3 {[%emt 0:02:14]} 21. Qf3 {[%emt 0:04:29]} e4 {[%emt 0:00:36]} 22. Ndxe4 {[%emt 0:02:47]} Nxe4 {[%emt 0:01:13]} 23. Nxe4 {[%emt 0:01:18]} Ne5 {[%emt 0:00:15]} 24. Qe2 {[%emt 0:00:48]} f5 {[%emt 0:02:16]} 25. Nc3 {[%emt 0:01:06]} f4 {[%emt 0:01:14]} 26. exf4 {[%emt 0:03:01]} Nc6 {[%emt 0:02:29]} 27. Qh5 {[%emt 0:05:52]} Qd7 {[%emt 0:01:13]} 28. Be3 {[%emt 0:01:18]} Rae8 {[%emt 0:01:16]} 29. Ne4 {[%emt 0:01:45]} Ne7 {[%emt 0:01:17]} 30. Nc3 {[%emt 0:02:37]} Nf5 {[%emt 0:02:34]} 31. Nd5 {[%emt 0:00:11]} Bd8 {[%emt 0:00:21]} 32. Rfb1 {[%emt 0:01:40]} Qe6 {[%emt 0:01:51]} 33. Rb7 {[%emt 0:01:40]} g6 {[%emt 0:00:27]} 34. Qf3 {[%emt 0:07:37]} h5 {[%emt 0:00:30]} 35. Nc7 {[%emt 0:11:32]} Bxc7 {[%emt 0:00:12]} 36. Rxc7 {[%emt 0:00:06]} Rf7 {[%emt 0:02:58]} 37. Rxf7 {[%emt 0:00:38]} Kxf7 {[%emt 0:00:55]} 38. Rb7+ {[%emt 0:00:45]} Re7 {[%emt 0:00:23]} 39. Rxe7+ {[%emt 0:00:47]} Qxe7 {[%emt 0:00:52]} 40. Qd5+ {[%emt 0:03:22]} Kg7 {[%emt 0:00:17]} 41. h4 {[%emt 0:36:07]} Kh7 {[%emt 0:30:25]} 42. Qe4 {[%emt 0:00:41]} Qd7 {[%emt 0:00:12]} 43. d4 {[%emt 0:01:35]} Qa4 {[%emt 0:00:19]} 44. Qd3 {[%emt 0:00:44]} Qc6 {[%emt 0:01:04]} 45. d5 {[%emt 0:00:45]} Qe8 {[%emt 0:02:27]} 46. c5 {[%emt 0:02:35]} dxc5 {[%emt 0:02:26]} 47. Bxc5 {[%emt 0:02:08]} Qd7 {[%emt 0:02:09]} 48. d6 {[%emt 0:01:03]} Kg8 {[%emt 0:02:27]} 49. Qd5+ {[%emt 0:01:11]} Kf8 {[%emt 0:00:26]} 50. Qa8+ {[%emt 0:01:18]} Kf7 {[%emt 0:00:28]} 51. Qxa5 {[%emt 0:00:56]} Ke6 {[%emt 0:03:34]} 52. Qe1+ {[%emt 0:00:32]} Kd5 {[%emt 0:00:11]} 53. Qe5+ {[%emt 0:00:10]} Kc6 {[%emt 0:00:13]} 54. Bb4 {[%emt 0:00:08]} Kb7 {[%emt 0:02:45]} 55. Qd5+ {[%emt 0:02:13]} Ka6 {[%emt 0:01:16]} 56. Qg8 {[%emt 0:01:27]} Nxh4 {[%emt 0:00:45]} 57. Qc4+ {[%emt 0:01:46]} 1-0